[Event "MNE-chT 2nd League"]
[Site "Cetinje"]
[Date "2022.10.15"]
[Round "2"]
[White "Babovic, Milorad"]
[Black "Minic, Milan"]
[Result "0-1"]
[WhiteElo "1484"]
[BlackElo "2038"]
[PlyCount "46"]
[EventDate "2022.10.14"]
[EventType "team-tourn"]
[EventRounds "5"]
[EventCountry "MNE"]
[SourceTitle "EXT 2024"]
[Source "ChessBase"]
[SourceDate "2023.10.10"]
[SourceVersion "1"]
[SourceVersionDate "2023.10.10"]
[SourceQuality "1"]
[WhiteTeam "Komovi"]
[BlackTeam "Bar Mornar"]
[WhiteTeamCountry "MNE"]
[BlackTeamCountry "MNE"]

1. d4 Nf6 2. c4 g6 3. Nf3 Bg7 4. Nc3 0-0 5. Bg5 c5 6. e3 Qa5 7. Be2 d6 8. 0-0 Bg4 9. h3 Bxf3 10. Bxf3 Nbd7 11. Qc2 Rab8 12. a3 cxd4 13. exd4 Qxg5 14. Rfe1 Ne8 15. Rad1 a6 16. Ne4 Qf4 17. Qd3 e5 18. dxe5 Nxe5 19. Qb3 Nxf3+ 20. Qxf3 Qxf3 21. gxf3 Bxb2 22. Nxd6 Nxd6 23. Rxd6 Bxa3 0-1